1315 1481 1847 1608 1804 1949 1784 1783 1446 1765 1298 1134 1714 1101 1021 1650 1102 1134 1437 1134 1592 1376 1698 1362 1986 1658 1205 1936 1517 1750 1390 1874 1530 1440 1750 1209 1657 1717 1744 1498 1205 1013 1948 1329 1987 1001 1478 1869 1883 1977 1884 1975 1770 1896 1770 1242 1550 1386 1205 1961 1795 1569 1838 1281 1747 1353 1443 1172 1018 1727 1462 1765 1225 1508 1867 1623 1431 1934 1629 1990 1473 1005 1671 1130 1245 1479 1827 1719 1393 1484 1697 1921 1298 1396 1069 1301 1729 1459 1485 BCNSPRNW ULIB Ver.6.0+V

เปลี่ยนเป็นภาษาไทย

Change to English
 แสดงรายละเอียดบรรณานุกรม
  กลับหน้าหลัก

Brief Record : Get Marc (ISO 2709) : E-mail record : QR code < ปิดหน้าต่าง
LEADER : 00000nam 2200000uu 4500
001    13399120633
003     ULIB
008    121001s2549||||th 000 0 tha d
020    ^a9789749869628
050 04 ^aA^bน624W
100 0  ^aนิภาพัชร์ ปิ่นสุวรรณ
245 10 ^aWhat? รู้รอบเรื่องน่าทึ่งของโลก /^cนิภาพัชร์ ปิ่นสุวรรณ
250    ^aพิมพ์ครั้งที่ 2
260    ^aกรุงเทพฯ :^bอักษรเจริญทัศน์,^c2549
300    ^a191 หน้า :^bภาพประกอบ
440  0 ^aหนังสือเสริมการเรียนรู้ ชุด สรรพ์สาระของโลก
650  7 ^aความรู้ทั่วไป
650  7 ^aรวมเรื่อง
650  7 ^aโลก
945    ^p170^l0^i24862
995    ^aทศพร
999    ^aทศพร เกษรทอง
รายการนี้ยังไม่มีแท็ก
คุณยังไม่ได้ล็อกอิน คุณสามารถมีกิจกรรมร่วมกับเว็บไซต์ได้ แต่ต้องล็อกอินก่อน ::
  ล็อกอิน

รายการสื่อสารสนเทศ

ลำดับที่ ประเภท เลขเรียก/บาร์โค้ด สถานที่ สถานะ
1. วิทยาศาสตร์การแพทย์ และสุขภาพ
วิทยาศาสตร์การแพทย์ และสุขภาพ
A น624W  
  Barcode: 24862
ห้องสมุดวิทยาเขตสวรรค์ประชารักษ์
►หนังสือทั่วไป
บนชั้น

รายการใกล้เคียง
    ผู้แต่ง [นิภาพัชร์ ปิ่นสุวรรณ]

    หัวเรื่อง [ความรู้ทั่วไป]
    หัวเรื่อง [รวมเรื่อง]
    หัวเรื่อง [โลก]

BibComment


ยังไม่เคยถูกคอมเมนท์

คอมเมนท์ทรัพยากรรายการนี้
  คอมเมนท์: What รู้รอบเรื่อ..


 Copyright 2026. Bcnsprnw @Library